| 000 | 00310nam a22000977a 4500 | ||
|---|---|---|---|
| 008 | 180210b xxu||||| |||| 00| 0 eng d | ||
| 100 | _aHarmer, H. R. | ||
| 245 |
_aPresident Franklin D. Roosevelt Collection _bCatalogs & Prices Realized |
||
| 260 |
_aNew York _bH.R. Harmer, Inc _c1946 |
||
| 650 | _aFranklin D. Roosevelt | ||
| 999 |
_c2622 _d2622 |
||